Identidad y docencia /

En el marco de estudios de la identidad del docente, la presente investigación analiza, con una perspectiva sociocultural, la docencia de los psicólogos de la Universidad de Guadalajara, como práctica profesional que en algunos casos es única, mientras en otros se combina con otros quehaceres.

Guardado en:
書目詳細資料
主要作者: Romo Beltrán, Rosa Martha (autor)
其他作者: Gómez Gómez, Elba Noemí (autor) (autor)
格式: 圖書
語言:西班牙语
出版: Guadalajara, México : Universidad de Guadalajara, 1997, c1997
主題:
標簽: 添加標簽
沒有標簽, 成為第一個標記此記錄!

MARC

LEADER 00000nam^a2200000^a^4500
001 000117572
005 20250521000000.0
009 20260310094211.791
037 |a Acervo ITESO - Biblioteca 
041 |a ESP 
082 |a 378. 72352  |b ROM 
100 |a Romo Beltrán, Rosa Martha  |e (autor) 
245 1 0 |a Identidad y docencia /  |c R.M. Romo Beltrán, E.N. Gómez Gómez. 
264 4 |a Guadalajara, México :  |b Universidad de Guadalajara,  |c 1997, c1997 
300 |a 40 p. 
336 |a texto  |b txt  |2 rdacontenido 
337 |a sin mediación  |b n  |2 rdamedio 
338 |a volumen  |b nc  |2 rdasoporte 
520 |a En el marco de estudios de la identidad del docente, la presente investigación analiza, con una perspectiva sociocultural, la docencia de los psicólogos de la Universidad de Guadalajara, como práctica profesional que en algunos casos es única, mientras en otros se combina con otros quehaceres. 
610 |a Universidad de Guadalajara 
649 |a XX 
650 |a Psicología -  |z Guadalajara, Jalisco -  |x Estudio y Enseñanza 
650 |a Psicología -  |x Prácticas Profesionales 
650 |a Profesores 
650 |a Perfil Profesional del Profesor 
650 |a Práctica Educativa 
650 |a Identidad Cultural 
650 |a Educación Superior -  |z Guadalajara, Jalisco 
700 |a Gómez Gómez, Elba Noemí  |e (autor) 
910 |a Fondo General 
920 |a Impresos - Libros 
930 |a Colección General 
905 |a 101 
901 |a 0500052920  |b IT1  |c ACC  |u 20250521 
902 |a https://opac.biblio.iteso.mx/vufind/Record/000117572